| 000 | 01109 a2200301 4500 | ||
|---|---|---|---|
| 003 | Nust | ||
| 005 | 20170207154053.0 | ||
| 010 | _a 2008034824 | ||
| 020 | _a0816077339 (hardcover) : | ||
| 020 | _a0816077347 (softcover) | ||
| 020 | _a9780816077335 (hardcover) : | ||
| 020 | _a9780816077342 (softcover) | ||
| 035 | _a(OCoLC)ocn243602048 | ||
| 040 | _cNust | ||
| 082 | 0 | 0 | _a331.702/33 |
| 245 | 0 | 0 | _a150 great tech prep careers(E-BOOK) |
| 246 | 3 | _aFerguson 150 great tech prep careers | |
| 246 | 3 | _aOne hundred fifty great tech prep careers | |
| 250 | _a2nd ed. | ||
| 260 |
_aNew York : _bFerguson, _cc2009. |
||
| 300 |
_axii, 561 p. ; _c28 cm. |
||
| 520 | _a"Rewarding careers that don't require a four-year college degree. The jobs with the highest pay; the fastest growth; the most new openings." | ||
| 650 | 0 |
_aHigh school graduates _xEmployment _zUnited States |
|
| 650 | 0 |
_aVocational guidance _zUnited States |
|
| 650 | 0 |
_aVocational school graduates _xEmployment _zUnited States |
|
| 651 | _aE-BOOK | ||
| 856 | 4 | 1 |
_3Table of contents only _uhttp://www.loc.gov/catdir/toc/ecip0825/2008034824.html |
| 942 |
_2ddc _cBK |
||
| 999 |
_c193193 _d193193 |
||